Open Data Biblioteca Nacional de Portugal


República Portuguesa: Ministério da Cultura
Biblioteca Nacional de Portugal

Catálogo da BNP: acesso por Identificadores Unívocos
Registos Bibliográficos associados ao registo de autoridade

Etiqueta de registo: 00000nkm 2200025 450
001 2276291
003 http://id.bnportugal.gov.pt/bib/catbnp/2276291
100 ## $a20260305d1991 m y0pory01030103ba
101 0# $apor
102 ## $aPT
200 1# $a1ª Feira Florestal Nacional, Coimbra, Escola Superior Agrária, 17 a 24 de março$bVisual gráfico]$fDia Mundial da Floresta - Comissão Coordenadora das Comemorações$gJosé Pinto Coelho
210 #9 $aCoimbra$cDia Mundial da Floresta - Comissão Coordenadora das Comemorações,$d1991$gSeleprinter, lda)
215 ## $a1 cartaz$ccolor.$d68x48cm
317 ## $aColeção Madeira Luís
702 #1 $aCoelho,$bJosé Pinto$4440$342373
710 02 $aPortugal,$bDia Mundial da Floresta,$cComissão Coordenadora das Comemorações$d1991$31989159
801 #0 $aPT$bBN$gRPC
966 ## $lBN$mICONOG$sCT. 23446 A.$x3
971 ## $cCaticonografia5$d20260305
995 ## $aPRR2026

OpendataBNP@bnportugal.pt | Mais informação sobre acesso aos dados BNP